|
|
|
|
| LEADER |
00000nam a2200000Ii 4500 |
| 001 |
DIGOCEANO0042 |
| 003 |
NyNyDIG |
| 006 |
m o d |
| 007 |
cr ||||||||||| |
| 008 |
240404s2018 mx ob 000 0 spa d |
| 035 |
|
|
|a (OCoLC)1430189203
|
| 040 |
|
|
|a DGITA
|b eng
|e rda
|e pn
|c DGITA
|
| 020 |
|
|
|a 9786075276144
|q eBook
|
| 020 |
|
|
|z 9786075276045
|
| 041 |
1 |
|
|a spa
|h eng
|
| 050 |
1 |
4 |
|a BF637.S8 ebook
|
| 082 |
0 |
4 |
|a 158.2
|2 23
|
| 100 |
1 |
|
|a Grant, Adam M.,
|e author.
|
| 240 |
1 |
0 |
|a Give and take.
|l Spanish
|s (Mercado)
|
| 245 |
1 |
0 |
|a Dar y recibir :
|b cómo ayudar a los demás nos conduce al éxito /
|c Adam Grant ; traducción de Enrique Mercado.
|
| 250 |
|
|
|a Primera edición en libro electrónico.
|
| 264 |
|
1 |
|a Ciudad de México :
|b Océano Exprés,
|c [2018]
|
| 300 |
|
|
|a 1 online resource.
|
| 336 |
|
|
|a text
|b txt
|2 rdacontent
|
| 337 |
|
|
|a computer
|b c
|2 rdamedia
|
| 338 |
|
|
|a online resource
|b cr
|2 rdacarrier
|
| 347 |
|
|
|a text file
|2 rdaft
|
| 347 |
|
|
|b EPUB
|
| 504 |
|
|
|a Includes bibliographical references.
|
| 588 |
0 |
|
|a Online resource; title from ePub title page (Digitalia, viewed April 4, 2024)
|
| 650 |
|
0 |
|a Success
|x Psychological aspects.
|
| 650 |
|
0 |
|a Success in business
|x Psychological aspects.
|
| 650 |
|
0 |
|a Interpersonal relations
|x Psychological aspects.
|
| 650 |
|
0 |
|a Social networks
|x Psychological aspects.
|
| 700 |
1 |
|
|a Mercado, Enrique,
|e translator.
|
| 700 |
1 |
|
|i Translation of:
|a Grant, Adam M.
|t Give and take.
|
| 791 |
2 |
|
|a Digitalia (Firm),
|e distributor.
|
| 793 |
0 |
|
|g Digitalia eBook Collection:
|a Editorial Océano
|
| 776 |
0 |
8 |
|i Print version:
|a Grant, Adam M.
|s Give and take. Spanish (Mercado).
|t Dar y recibir.
|b Primera edición.
|d Ciudad de México : Océano Exprés, [2018]
|z 9786075276045
|
| 856 |
4 |
0 |
|3 Digitalia Hispánica
|u https://www.digitaliapublishing.com/a/97049/
|
| 910 |
|
|
|a Premium collection: 2024
|